حقوق الملكية الفكرية منظمة التجارة التجارة العالمية والدول النامية : (رقم التسجيلة. 129980)
[ عرض عادي ]
| 000 -الفاتح | |
|---|---|
| عناصر البيانات ثابتة الطول | 01054cam a2200229 i 4500 |
| 005 - تاريخ ووقت آخر معاملة | |
| حقل ضبط | 20260126094535.0 |
| 008 - عناصر البيانات ثابتة الطول | |
| عناصر البيانات ثابتة الطول | 250721s2002 su gr 000 0 ara d |
| 020 ## - الترقيم الدولي المعياري للكتب (ردمك) | |
| الترقيم الدولي المعياري للكتب (ردمك) | 9960245128 |
| 041 1# - كود اللغة | |
| كود اللغة لنص/مسار صوت أو عنوان منفصل | ara |
| كود اللغة للأصل | eng |
| 082 14 - رقم تصنيف ديوي العشري | |
| رقم التصنيف | 346.048 |
| رقم المادة | ك و ر |
| 100 1# - مدخل رئيسي – اسم شخصي | |
| الاسم الشخصي | كوريا، كارلوس م |
| علاقة الشخص بالعمل/ دوره | مؤلف. |
| 240 10 - عنوان مقنن | |
| عنوان مقنن | the wto and developing countries |
| 245 10 - بيان العنوان | |
| العنوان | حقوق الملكية الفكرية منظمة التجارة التجارة العالمية والدول النامية : |
| بقية العنوان | اتفاق التربس وخيارات السياسة / |
| بيان المسؤولية | تأليف كارلوس م. كوريا ؛ ترجمة أ.د. السيد أحمد عبد الخالق ؛ مراجعة أ.د. أحمد يوسف الشحات. |
| 264 31 - بيانات النشر، التوزيع…إلخ | |
| مكان النشر، التوزيع...إلخ | الرياض : |
| اسم الناشر، الموزع...إلخ | دار المريخ للنشر، |
| تاريخ النشر، التوزيع...إلخ | 2002. |
| 300 ## - الوصف المادي | |
| عدد الوحدات المكونة للوعاء | 268 صفحة. |
| 650 17 - مدخل إضافي بالموضوع - مصطلح موضوعي | |
| مصطلح موضوعي أو اسم جغرافي كعنصر مدخل | الملكية المعنوية. |
| 650 17 - مدخل إضافي بالموضوع - مصطلح موضوعي | |
| مصطلح موضوعي أو اسم جغرافي كعنصر مدخل | القانون. |
| 650 17 - مدخل إضافي بالموضوع - مصطلح موضوعي | |
| مصطلح موضوعي أو اسم جغرافي كعنصر مدخل | الدول النامية. |
| 700 1# - مدخل إضافي - اسم شخصي | |
| الاسم الشخصي | عبد الخالق، السيد أحمد |
| علاقة الشخص بالعمل/ دوره | مترجم. |
| 942 ## - بيانات إضافية (كوها) | |
| نوع التنصيف | Dewey Decimal Classification |
| نوع المادة (كوها) | كتب |
| حالة السحب | حالة الفقدان | مصدر التصنيف | حالة التلف | غير قابل للإعارة | المكتبة الرئيسية | المكتبة الحالية | موقع الرف | تاريخ التزويد | الرقم المتسلسل | Total Checkouts | رقم الإستدعاء | الباركود | تاريخ آخر ظهور | تاريخ الفاتورة | نوع المادة (كوها) |
|---|---|---|---|---|---|---|---|---|---|---|---|---|---|---|---|
| Dewey Decimal Classification | المكتبة المركزية | المكتبة المركزية | الإعارة | 28/07/2025 | 1581336 | 346.048 / ك و ر | PLD00305681 | 28/07/2025 | 28/07/2025 | كتب |